000 03863nam a2200349 i 4500
003 AGNRD
005 20260519115942.0
007 ta
008 260519e2025 dr ac||gro|||||01 |bspa ||spa|
020 _a9789945251456.
040 _aAGNRD
_bspa
_cDO-SdBNP
_dBNPHU
_erda
041 _aspa
082 _aRD 864.5
_2P762l 2025
_b22
100 1 _aPolanco Díaz, Bienvenida
_eautor
_989659
245 _aLiteratura dramática dominicana 1916-1924 :
_btexto, representación y nacionalismo durante la ocupación militar norteamericana /
_cBienvenida Polanco Díaz. [y otros tres].
264 _aSanto Domingo, República Dominicana :
_bArchivo General de la Nación,
_c2025.
300 _a317 páginas :
_bilustraciones, fotografías ;
_c23 x 15 cm.
336 _atexto
_btxt
_2rdacontent
337 _asin mediación
_bn
_2rdamedia
338 _avolumen
_bnc
_2rdacarrier
490 _aArchivo General de la Nación ;
_vvolumen 557.
500 _aIncluye pequeña biografía de la autora en la solapa.
504 _aIncluye bibliografía.
505 0 _aPresentación 9 -- Investigación histórica y Estética de la Recepción 10 -- Recursos. Antecedentes. Metodología 13 -- Conceptualizaciones 17 -- El arte. Un antes y un después de Hegel 18 -- Literatura dramática y Dramaturgia 23 -- La dramaturgia dominicana: periodos y movimientos 29 -- Del Renacimiento al Barroco 29 -- Formas neoclásicas 32 -- Textos del Romanticismo 35 -- Perfiles del Realismo 38 -- Modernismo y Modernismo Tardío 42 -- Vanguardias 47 -- Pos vanguardismo 50 -- Dramaturgia siglo xxi 56 -- La literatura dramática mundial en los albores del siglo xx 69 -- El nuevo siglo xx y la dramaturgia finisecular 70 -- Dramaturgia en Hispanoamérica. 1900-1916 79 -- Dramaturgia dominicana, de 1900 a 1915 95 -- Primera etapa modernista 95 -- Dramaturgia nacional y extranjera 97 -- Autores y escenarios 102 -- Antecedentes históricos de la intervención militar de Estados Unidos 105 -- USA y las nuevas formas del nacionalismo 106 -- De Roosevelt a Wilson 112 -- Woodrow Wilson 113 -- La política de los Estados Unidos hacia Latinoamérica 115 -- 1899-1916: La economía dominicana y el caos sociopolítico 133 -- Cuestión financiera y guerras civiles. 1900-1905 135 -- Mon Cáceres asume el poder. 1906-1911 146 -- 1912-1916: Anarquía y bancarrota 150 -- Arias, Jiménes, Henríquez y un último intento de orden 162 -- Dramaturgia dominicana de 1916 a 1924 175 -- 1916: Literatura dramática y sociedad 176 -- Las temporadas de teatro de 1917 y 1918 181 -- De las compañías y los críticos 187 -- Literatura dramática y nacionalismo durante la intervención 203 -- José Narciso Solá, No más yes 203 -- Rafael Damirón, Alma criolla 205 -- Arturo Logroño Cohén, Una fiesta en el Castine 207 -- Delia Quesada, Quisqueya y la ocupación americana 209 -- Renato D’Soto, Así marcha la justicia 210 -- Ricardo Pérez Alfonseca, La inmolación 211 -- Miguel Ángel Jiménez, Orgullo de raza; El último gavillero 212 -- Orgullo de raza, 1923. Rescate de un manuscrito de teatro contestatario 221 -- El manuscrito centenario y su conservación 221 -- El texto. Intervención en un bien patrimonial 222 -- Orgullo de raza. Teatro en dos actos y tres cuadros 224 -- Textos del período 1916-1924: 257 -- Alma criolla. Rafael Damiron, 1916 261 -- Teatro Infantil. Delia Quesada, 1923 283 -- Un monólogo. Federico Llaverias, 1919 287 -- Sonámbulo. Apolinar Perdomo, 1917 293 -- Bibliografía 299
590 _aInventariado, 2026/WG.
650 _981648
_aEnsayos dominicanos
_xHistoria
650 _aLiteratura dominicana
_xHistoria
_964316
700 _aDelmonte Soriano, Rafael Rolando
_ediagramación
_999391
700 _aRosa, Yenifer de la
_ediseño de cubierta
_989660
710 _aÁrea de Publicaciones
_ecuidado de la edición
_989658
942 _2ddc
_cLBS1
999 _c60781
_d60781